Technology of engineering materials (Record no. 65450)

000 -LEADER
fixed length control field 00977pam a22002895a 4500
001 - CONTROL NUMBER
control field 13711737
003 - CONTROL NUMBER IDENTIFIER
control field NUST - PNEC
005 - DATE AND TIME OF LATEST TRANSACTION
control field 20170116180915.0
008 - FIXED-LENGTH DATA ELEMENTS--GENERAL INFORMATION
fixed length control field 040907s2002 enka 001 0 eng
020 ## - INTERNATIONAL STANDARD BOOK NUMBER
International Standard Book Number 0750656433
035 ## - SYSTEM CONTROL NUMBER
System control number (OCoLC)ocm49593904
040 ## - CATALOGING SOURCE
Transcribing agency LIBRARY
082 04 - DEWEY DECIMAL CLASSIFICATION NUMBER
Classification number 620.11 BOL
Edition number 21
100 1# - MAIN ENTRY--PERSONAL NAME
Personal name Bolton, W.
Fuller form of name (William),
Dates associated with a name 1933-
245 10 - TITLE STATEMENT
Title Technology of engineering materials
Statement of responsibility, etc. Mathew Philip, Bill Bolton.
260 ## - PUBLICATION, DISTRIBUTION, ETC.
Place of publication, distribution, etc. Oxford :
Name of publisher, distributor, etc. Butterworth-Heinemann,
Date of publication, distribution, etc. 2002.
300 ## - PHYSICAL DESCRIPTION
Extent viii, 471 p. :
Other physical details ill. ;
Dimensions 27 cm.
440 #0 - SERIES STATEMENT/ADDED ENTRY--TITLE
Title IIE core textbook series
504 ## - BIBLIOGRAPHY, ETC. NOTE
Bibliography, etc. note Includes index.
650 #0 - SUBJECT ADDED ENTRY--TOPICAL TERM
Topical term or geographic name entry element Materials.
700 1# - ADDED ENTRY--PERSONAL NAME
Personal name Philip, Mathew.
856 41 - ELECTRONIC LOCATION AND ACCESS
Materials specified Table of contents
Uniform Resource Identifier <a href="http://www.loc.gov/catdir/toc/els051/2004315767.html">http://www.loc.gov/catdir/toc/els051/2004315767.html</a>
856 42 - ELECTRONIC LOCATION AND ACCESS
Materials specified Publisher description
Uniform Resource Identifier <a href="http://www.loc.gov/catdir/description/els051/2004315767.html">http://www.loc.gov/catdir/description/els051/2004315767.html</a>
906 ## - LOCAL DATA ELEMENT F, LDF (RLIN)
a 0
b ibc
c copycat
d 2
e ncip
f 20
g y-gencatlg
942 ## - ADDED ENTRY ELEMENTS (KOHA)
Source of classification or shelving scheme
Koha item type Book
Holdings
Withdrawn status Lost status Source of classification or shelving scheme Damaged status Not for loan Permanent Location Current Location Shelving location Date acquired Total Checkouts Full call number Barcode Date last seen Price effective from Koha item type
          Pakistan Navy Engineering College (PNEC) Pakistan Navy Engineering College (PNEC)       620.11 BOL PNECLIB-026018 09/03/2015   Book
© 2023 Central Library, National University of Sciences and Technology. All Rights Reserved.